Financial accounting / (Record no. 201197)
[ view plain ]
| 000 -LEADER | |
|---|---|
| fixed length control field | 00782nam a2200241Ia 4500 |
| 003 - CONTROL NUMBER IDENTIFIER | |
| control field | OSt |
| 005 - DATE AND TIME OF LATEST TRANSACTION | |
| control field | 20220201173616.0 |
| 008 - FIXED-LENGTH DATA ELEMENTS--GENERAL INFORMATION | |
| fixed length control field | 210716s2002 xx 000 0 und d |
| 020 ## - INTERNATIONAL STANDARD BOOK NUMBER | |
| International Standard Book Number | 0538846712 |
| 040 ## - CATALOGING SOURCE | |
| Transcribing agency | AIMIT LIBRARY |
| 041 ## - LANGUAGE CODE | |
| Language code of text/sound track or separate title | eng |
| 082 ## - DEWEY DECIMAL CLASSIFICATION NUMBER | |
| Classification number | 657.48 |
| Edition number | 1 |
| Item number | ANTR |
| 100 ## - MAIN ENTRY--PERSONAL NAME | |
| Personal name | Antle, RIck. |
| 9 (RLIN) | 15666 |
| 245 ## - TITLE STATEMENT | |
| Title | Financial accounting / |
| Statement of responsibility, etc. | By Rick Antle and Stanley J. Garstka |
| 250 ## - EDITION STATEMENT | |
| Edition statement | 1st ed. |
| 260 ## - PUBLICATION, DISTRIBUTION, ETC. | |
| Place of publication, distribution, etc. | United States of America : |
| Name of publisher, distributor, etc. | Thomson south western , |
| Date of publication, distribution, etc. | 2002. |
| 300 ## - PHYSICAL DESCRIPTION | |
| Extent | xvii,348, G-8,A-17,I-8p. ; |
| Dimensions | 26 cm. |
| 650 ## - SUBJECT ADDED ENTRY--TOPICAL TERM | |
| Topical term or geographic name entry element | Fundamentals of Accounting |
| 9 (RLIN) | 15667 |
| 650 ## - SUBJECT ADDED ENTRY--TOPICAL TERM | |
| Topical term or geographic name entry element | Valuation Basics and Accounting Measures |
| 9 (RLIN) | 15668 |
| 650 ## - SUBJECT ADDED ENTRY--TOPICAL TERM | |
| Topical term or geographic name entry element | Topics in Financial Reporting |
| 9 (RLIN) | 15669 |
| 700 ## - ADDED ENTRY--PERSONAL NAME | |
| Personal name | Garstka , J. Stanley. |
| 9 (RLIN) | 15670 |
| 942 ## - ADDED ENTRY ELEMENTS (KOHA) | |
| Source of classification or shelving scheme | Dewey Decimal Classification |
| Koha item type | Book |
| Edition | 1st |
| Call number prefix | 657.48 ANTR |
| Withdrawn status | Lost status | Source of classification or shelving scheme | Damaged status | Not for loan | Collection code | Home library | Current library | Date acquired | Inventory number | Total Checkouts | Full call number | Barcode | Date last seen | Price effective from | Koha item type |
|---|---|---|---|---|---|---|---|---|---|---|---|---|---|---|---|
| Dewey Decimal Classification | Reference Book | MBA | St Aloysius Institute of Management & Information Technology | St Aloysius Institute of Management & Information Technology | 06/12/2006 | Bill no:; Bill dt:1900-01-00 | 657.48 ANTR | MBA03763 | 05/23/2026 | 07/16/2021 | Book |